书目信息 |
| 题名: |
创意学概论
|
|
| 作者: | 贺寿昌 主编 | |
| 分册: | ||
| 出版信息: | 上海 上海人民出版社 2006 |
|
| 页数: | 160页 | |
| 开本: | 24cm | |
| 丛书名: | ||
| 单 册: | ||
| 中图分类: | B804.4 , G114 , B804.4 | |
| 科图分类: | ||
| 主题词: | 文化--产业--概论 , 文化 , 产业 , 创造性思维 , 创造性思维--概论 , 思维科学 | |
| 电子资源: | ||
| ISBN: | 7-208-06525-X | |
| 000 | 01022nam0 2200325 450 | |
| 001 | 0935874346 | |
| 005 | 20090927095941.82 | |
| 010 | @a7-208-06525-X@dCNY18.00 | |
| 100 | @a20060104d2006 em y0chiy50 ea | |
| 101 | 0 | @achi |
| 102 | @aCN@b310000 | |
| 105 | @ay z 000yy | |
| 106 | @ar | |
| 200 | 1 | @a创意学概论@f贺寿昌主编@Achuang yi xue gai lun |
| 210 | @a上海@c上海人民出版社@d2006 | |
| 215 | @a160页@d24cm | |
| 300 | @a上海市重点学科建设项目资助 | |
| 330 | @a本书从创意学概述、创意产业化和创意产业现状及发展三个方面展开分析,概括了创意学的基本理论和方法体系,反映了国内外创意产业的现状,特别对上海创意产业的发展有详细的介绍。 | |
| 606 | 0 | @a文化@x产业@x概论 |
| 606 | 0 | @a文化 |
| 606 | 0 | @a产业 |
| 606 | 0 | @a创造性思维 |
| 606 | 0 | @a创造性思维@x概论 |
| 606 | 0 | @a思维科学 |
| 690 | @aB804.4@v4 | |
| 690 | @aG114@v4 | |
| 690 | @aB804.4@v4 | |
| 701 | 0 | @a贺寿昌@4主编@Ahe shou chang |
| 801 | 0 | @aCN@b大连网信软件有限公司图书馆·11@c20090927 |
| 905 | @a10447@dB804.4@eJY15 | |
| 创意学概论/贺寿昌主编.-上海:上海人民出版社,2006 |
| 160页;24cm |
| 上海市重点学科建设项目资助 |
| ISBN 7-208-06525-X:CNY18.00 |
| 本书从创意学概述、创意产业化和创意产业现状及发展三个方面展开分析,概括了创意学的基本理论和方法体系,反映了国内外创意产业的现状,特别对上海创意产业的发展有详细的介绍。 |
| ● |
| 相关链接 |
|
|
|
|
正题名:创意学概论
索取号:B804.4/JY15
 
预约/预借
| 序号 | 登录号 | 条形码 | 馆藏地/架位号 | 状态 | 备注 |
| 1 | 7809990 | 278099905 | 学院路分馆/ [索取号:B804.4/JY15] | 在馆 | |
| 2 | 7809991 | 278099914 | 学院路分馆/ [索取号:B804.4/JY15] | 在馆 |